[Event "FRA-chT Top 12 2019"]
[Site "Brest"]
[Date "2019.05.25"]
[Round "8.1"]
[White "Solodovnichenko, Yuri"]
[Black "Gukesh D"]
[Result "0-1"]
[WhiteElo "2572"]
[BlackElo "2533"]
[Annotator "ChessBase"]
[PlyCount "48"]
[EventDate "2019.05.18"]
[EventType "team-tourn"]
[EventCountry "FRA"]
[SourceTitle "playchess.com"]
[Source "ChessBase"]
[SourceQuality "1"]
[TimeControl "40/5400+30:1800+30"]

1. e4 {[%emt 0:00:00]} c5 {[%emt 0:00:00]} 2. Nc3 {[%emt 0:00:16]} Nc6 {[%emt 0:00:00]} 3. Nf3 {[%emt 0:00:18]} e5 {[%emt 0:00:30]} 4. Bc4 {[%emt 0:00:46]} Be7 {[%emt 0:00:14]} 5. d3 {[%emt 0:01:00]} d6 {[%emt 0:00:24]} 6. O-O {[%emt 0:00:21]} Nf6 {[%emt 0:02:42]} 7. Ng5 {[%emt 0:00:56]} O-O {[%emt 0:01:06]} 8. f4 {[%emt 0:00:09]} exf4 {[%emt 0:15:13]} 9. Bxf4 {[%emt 0:00:30]} h6 {[%emt 0:01:27]} 10. Nf3 {[%emt 0:01:25]} Be6 {[%emt 0:06:57]} 11. Nd5 {[%emt 0:02:03]} Bxd5 {[%emt 0:11:06]} 12. exd5 {[%emt 0:00:29]} Na5 {[%emt 0:01:07]} 13. Qd2 {[%emt 0:18:39]} Nxc4 {[%emt 0:03:09]} 14. dxc4 {[%emt 0:00:05]} Qd7 {[%emt 0:02:08]} 15. Qd3 {[%emt 0:02:24]} Rae8 {[%emt 0:07:14]} 16. h3 {[%emt 0:08:57]} Bd8 {[%emt 0:06:28]} 17. Nd2 {[%emt 0:05:15]} Nh5 {[%emt 0:02:49]} 18. Bh2 {[%emt 0:01:48]} f5 {[%emt 0:04:43]} 19. Rae1 {[%emt 0:04:21]} Bg5 {[%emt 0:07:16]} 20. Nb3 {[%emt 0:14:59]} Rxe1 {[%emt 0:06:54]} 21. Rxe1 {[%emt 0:00:10]} Re8 {[%emt 0:01:07]} 22. Rxe8+ {[%emt 0:12:28]} Qxe8 {[%emt 0:00:01]} 23. Bxd6 {[%emt 0:01:16]} Qe1+ {[%emt 0:00:32]} 24. Kh2 {[%emt 0:00:03]} Be3 {[%emt 0:00:09]} 0-1

[Event "FRA-chT Top 12 2019"]
[Site "Brest"]
[Date "2019.05.25"]
[Round "8.1"]
[White "Fedorov, Alexei"]
[Black "Wirig, Anthony"]
[Result "1-0"]
[WhiteElo "2566"]
[BlackElo "2516"]
[Annotator "ChessBase"]
[PlyCount "107"]
[EventDate "2019.05.18"]
[EventType "team-tourn"]
[EventCountry "FRA"]
[SourceTitle "playchess.com"]
[Source "ChessBase"]
[SourceQuality "1"]
[TimeControl "40/5400+30:1800+30"]

1. e4 {[%emt 0:00:00]} c5 {[%emt 0:00:00]} 2. d3 {[%emt 0:00:00]} d5 {[%emt 0:00:04]} 3. Be2 {[%emt 0:01:13]} e6 {[%emt 0:03:56]} 4. f4 {[%emt 0:01:10]} Nc6 {[%emt 0:05:38]} 5. Nf3 {[%emt 0:00:06]} Nf6 {[%emt 0:00:30]} 6. e5 {[%emt 0:03:40]} Ng4 {[%emt 0:02:49]} 7. c4 {[%emt 0:15:17]} Nh6 {[%emt 0:08:57]} 8. Be3 {[%emt 0:04:44]} f6 {[%emt 0:03:18]} 9. O-O {[%emt 0:00:32]} Nf5 {[%emt 0:02:38]} 10. Bf2 {[%emt 0:00:38]} d4 {[%emt 0:08:16]} 11. exf6 {[%emt 0:07:26]} gxf6 {[%emt 0:03:17]} 12. Nh4 {[%emt 0:00:16]} Bd6 {[%emt 0:03:13]} 13. Nxf5 {[%emt 0:01:39]} exf5 {[%emt 0:00:02]} 14. Bh5+ {[%emt 0:04:40]} Kd7 {[%emt 0:00:36]} 15. Be1 {[%emt 0:16:29]} b6 {[%emt 0:02:35]} 16. b4 {[%emt 0:06:46]} Bb7 {[%emt 0:02:56]} 17. bxc5 {[%emt 0:00:34]} Bxc5 {[%emt 0:01:43]} 18. Nd2 {[%emt 0:01:37]} Rg8 {[%emt 0:02:26]} 19. Bf3 {[%emt 0:01:13]} Kc7 {[%emt 0:02:58]} 20. Nb3 {[%emt 0:01:03]} Qd6 {[%emt 0:01:20]} 21. Rb1 {[%emt 0:02:34]} Rae8 {[%emt 0:09:03]} 22. Bd2 {[%emt 0:05:40]} a6 {[%emt 0:06:11]} 23. Nxc5 {[%emt 0:00:49]} Qxc5 {[%emt 0:00:32]} 24. Qa4 {[%emt 0:03:50]} Re3 {[%emt 0:02:48]} 25. Bxe3 {[%emt 0:03:36]} dxe3 {[%emt 0:01:57]} 26. Rfe1 {[%emt 0:03:26]} Rg7 {[%emt 0:09:42]} 27. Kh1 {[%emt 0:06:23]} Re7 {[%emt 0:06:30]} 28. Rb2 {[%emt 0:02:35]} Nd4 {[%emt 0:02:28]} 29. Bxb7 {[%emt 0:00:08]} Kxb7 {[%emt 0:00:03]} 30. Reb1 {[%emt 0:02:08]} Re6 {[%emt 0:06:25]} 31. Qd7+ {[%emt 0:00:09]} Ka8 {[%emt 0:00:50]} 32. Qd5+ {[%emt 0:01:41]} Qxd5 {[%emt 0:01:46]} 33. cxd5 {[%emt 0:00:04]} Re7 {[%emt 0:00:16]} 34. Rxb6 {[%emt 0:00:31]} Ka7 {[%emt 0:00:03]} 35. R6b2 {[%emt 0:02:06]} e2 {[%emt 0:01:00]} 36. Re1 {[%emt 0:00:04]} Rd7 {[%emt 0:00:11]} 37. Kg1 {[%emt 0:01:01]} Rxd5 {[%emt 0:00:12]} 38. Kf2 {[%emt 0:00:13]} h5 {[%emt 0:00:57]} 39. Rc1 {[%emt 0:00:41]} Rd7 {[%emt 0:00:06]} 40. Rb4 {[%emt 0:00:49]} a5 {[%emt 0:00:35]} 41. Rbc4 {[%emt 0:30:13]} Ka6 {[%emt 0:31:08]} 42. h4 {[%emt 0:00:00]} Rd8 {[%emt 0:00:00]} 43. g3 {[%emt 0:00:00]} Kb6 {[%emt 0:00:00]} 44. Rc8 {[%emt 0:00:00]} Rd6 {[%emt 0:00:00]} 45. Rb1+ {[%emt 0:00:00]} Ka7 {[%emt 0:00:00]} 46. Re1 {[%emt 0:00:00]} Kb6 {[%emt 0:00:00]} 47. Rh8 {[%emt 0:00:00]} Kb5 {[%emt 0:00:00]} 48. Rxh5 {[%emt 0:00:00]} Kb4 {[%emt 0:00:00]} 49. Rh8 {[%emt 0:00:00]} Kc3 {[%emt 0:00:00]} 50. Re8 {[%emt 0:00:00]} a4 {[%emt 0:00:00]} 51. Ra8 {[%emt 0:00:00]} Kxd3 {[%emt 0:00:00]} 52. Rxa4 {[%emt 0:00:00]} Nb5 {[%emt 0:00:00]} 53. Rxe2 {[%emt 0:00:00]} Nc3 {[%emt 0:00:00]} 54. Ra3 {[%emt 0:00:00]} 1-0

[Event "FRA-chT Top 12 2019"]
[Site "Brest"]
[Date "2019.05.25"]
[Round "8.1"]
[White "Villegas, Pierre"]
[Black "Heimann, Andreas"]
[Result "0-1"]
[WhiteElo "2354"]
[BlackElo "2627"]
[Annotator "ChessBase"]
[PlyCount "84"]
[EventDate "2019.05.18"]
[EventType "team-tourn"]
[EventCountry "FRA"]
[SourceTitle "playchess.com"]
[Source "ChessBase"]
[SourceQuality "1"]
[TimeControl "40/5400+30:1800+30"]

1. d4 {[%emt 0:00:00]} d5 {[%emt 0:00:00]} 2. c4 {[%emt 0:00:00]} e6 {[%emt 0:00:00]} 3. Nc3 {[%emt 0:01:11]} Bb4 {[%emt 0:00:00]} 4. e3 {[%emt 0:01:27]} Nf6 {[%emt 0:00:08]} 5. a3 {[%emt 0:00:20]} Bxc3+ {[%emt 0:00:06]} 6. bxc3 {[%emt 0:00:04]} c6 {[%emt 0:00:17]} 7. a4 {[%emt 0:07:39]} O-O {[%emt 0:00:22]} 8. Ba3 {[%emt 0:00:20]} Re8 {[%emt 0:00:07]} 9. Nf3 {[%emt 0:00:44]} b6 {[%emt 0:00:07]} 10. cxd5 {[%emt 0:00:49]} exd5 {[%emt 0:00:09]} 11. Nd2 {[%emt 0:18:21]} Ba6 {[%emt 0:09:53]} 12. Bxa6 {[%emt 0:03:04]} Nxa6 {[%emt 0:01:27]} 13. Qe2 {[%emt 0:03:05]} Nc7 {[%emt 0:03:13]} 14. O-O {[%emt 0:00:38]} Ne6 {[%emt 0:00:40]} 15. Qd3 {[%emt 0:07:54]} Qc7 {[%emt 0:05:34]} 16. f3 {[%emt 0:05:59]} c5 {[%emt 0:00:26]} 17. Bb2 {[%emt 0:02:32]} Rac8 {[%emt 0:01:47]} 18. Rf2 {[%emt 0:04:51]} g6 {[%emt 0:08:07]} 19. Nf1 {[%emt 0:05:31]} Qd7 {[%emt 0:02:30]} 20. Nd2 {[%emt 0:04:19]} a5 {[%emt 0:04:23]} 21. Qb1 {[%emt 0:06:16]} Qc7 {[%emt 0:08:59]} 22. Ra3 {[%emt 0:01:57]} Qc6 {[%emt 0:07:26]} 23. Qf1 Ng7 {[%emt 0:04:35]} 24. c4 {[%emt 0:10:29]} cxd4 {[%emt 0:05:12]} 25. Bxd4 {[%emt 0:00:07]} Nf5 {[%emt 0:01:02]} 26. Bxf6 {[%emt 0:01:55]} Qxf6 {[%emt 0:00:09]} 27. e4 {[%emt 0:00:18]} Qe7 {[%emt 0:00:20]} 28. Qa1 {[%emt 0:05:58]} Nd4 {[%emt 0:07:31]} 29. Rd3 {[%emt 0:04:09]} Nc2 {[%emt 0:01:25]} 30. Qb2 {[%emt 0:00:48]} Nb4 {[%emt 0:04:44]} 31. Rxd5 {[%emt 0:02:45]} Nxd5 {[%emt 0:00:10]} 32. cxd5 {[%emt 0:00:01]} Qb4 {[%emt 0:01:23]} 33. Nf1 {[%emt 0:00:19]} Qxa4 {[%emt 0:01:13]} 34. Qxb6 {[%emt 0:00:07]} Rc1 {[%emt 0:00:21]} 35. h4 {[%emt 0:00:45]} Qb4 {[%emt 0:03:06]} 36. Qa7 {[%emt 0:00:24]} a4 {[%emt 0:02:33]} 37. Kh2 {[%emt 0:01:02]} a3 {[%emt 0:01:21]} 38. Ng3 {[%emt 0:00:23]} Qc5 {[%emt 0:01:03]} 39. Qa4 {[%emt 0:00:21]} Rb8 {[%emt 0:03:32]} 40. Ra2 {[%emt 0:00:32]} Qe7 {[%emt 0:01:26]} 41. Kh3 {[%emt 0:03:26]} Rbb1 {[%emt 0:01:06]} 42. e5 {[%emt 0:00:07]} Qxe5 {[%emt 0:02:37]} 0-1

[Event "FRA-chT Top 12 2019"]
[Site "Brest"]
[Date "2019.05.25"]
[Round "8.2"]
[White "Vachier-Lagrave, Maxime"]
[Black "Lagarde, Maxime"]
[Result "1-0"]
[WhiteElo "2780"]
[BlackElo "2600"]
[Annotator "TA"]
[PlyCount "89"]
[EventDate "2019.05.18"]
[EventType "team-tourn"]
[EventCountry "FRA"]
[SourceTitle "playchess.com"]
[Source "ChessBase"]
[SourceQuality "1"]

{[%evp 12,91,21,8,8,9,15,-14,-12,-20,-15,-5,-5,-33,9,6,8,0,21,15,17,9,9,9,15,8,12,13,4,0,7,-12,-6,-25,-19,-37,-30,-39,0,-1,0,0,0,0,7,18,16,17,20,14,66,63,71,70,74,76,56,0,0,25,27,17,22,20,20,29,154,64,79,54,341,311,704,714,705,686,841,844,832,823,778,752]} 1. Nf3 Nf6 2. g3 g6 3. Bg2 Bg7 4. O-O O-O 5. d4 d6 6. a4 a5 7. b3 b6 {A49: 1 d4 Nf6 2 Nf3 g6 3 g3: Anti-King's Indian systems} 8. Bb2 Bb7 9. c4 $146 ({Predecessor:} 9. Nbd2 Na6 10. Re1 d5 11. Ne5 c5 12. e3 e6 13. Rc1 Qe7 14. Qf3 Rfd8 15. Ndc4 {½-½ (96) Ris,R (2412)-Mareco,S (2625) Dubai 2016}) 9... e6 {The position is equal.} 10. Re1 Ne4 11. Nfd2 f5 12. e3 c5 13. Nxe4 fxe4 14. Nc3 d5 15. dxc5 Na6 16. c6 Bxc6 17. cxd5 exd5 18. Rc1 Nc5 {Strongly threatening ...d4.} 19. Ba3 Rf7 20. Bxc5 bxc5 21. Re2 Qg5 22. Nb5 Bf8 $1 23. Rd2 Re8 {[%cal Ba8e8,Be8e5,Be5f5,Bf5f6][%mdl 32]} 24. Rdc2 Re5 25. Qe1 Ref5 26. Bh3 R5f6 27. Qxa5 Qh6 28. Bg2 {[#]} d4 $1 {[%mdl 512]} 29. Qe1 $1 (29. exd4 Rxf2) 29... d3 30. Rd2 Qg5 (30... Re6 $1 $11) 31. Rc4 $1 $14 {And now Nc3 would win.} Qf5 32. Nc3 {[%cal Rc3e4]} Re6 33. Qf1 g5 {[#]} 34. f3 $1 {[%mdl 512]} exf3 35. Bh3 {[%mdl 64] Skewer} Qe5 36. Bxe6 Qxe3+ 37. Qf2 Qxe6 38. Rxd3 g4 (38... h5 $11) 39. Re3 (39. Kf1 $16) 39... Qd7 40. Ne4 h5 $2 {[%mdl 8192]} ({Better is} 40... Qf5 $14) 41. Nxc5 $18 Qf5 $2 (41... Qd6 42. Ne6 Bh6) 42. Ne6 {White is clearly winning.} Bd5 43. Rf4 Bxe6 44. Rxf5 Bxf5 45. Re5 {Played: Re3-e8} 1-0

[Event "FRA-chT Top 12 2019"]
[Site "Brest"]
[Date "2019.05.25"]
[Round "8.2"]
[White "Tabatabaei, M.amin"]
[Black "Donchenko, Alexander"]
[Result "1/2-1/2"]
[WhiteElo "2610"]
[BlackElo "2595"]
[Annotator "ChessBase"]
[PlyCount "62"]
[EventDate "2019.05.18"]
[EventType "team-tourn"]
[EventCountry "FRA"]
[SourceTitle "playchess.com"]
[Source "ChessBase"]
[SourceQuality "1"]
[TimeControl "40/5400+30:1800+30"]

1. e4 {[%emt 0:00:00]} c5 {[%emt 0:00:00]} 2. Nf3 {[%emt 0:00:00]} d6 {[%emt 0:00:04]} 3. Bb5+ {[%emt 0:00:00]} Nd7 {[%emt 0:00:29]} 4. d4 {[%emt 0:00:17]} cxd4 {[%emt 0:00:14]} 5. Qxd4 {[%emt 0:00:09]} a6 {[%emt 0:00:07]} 6. Bxd7+ {[%emt 0:00:13]} Bxd7 {[%emt 0:00:06]} 7. Nc3 {[%emt 0:00:10]} e5 {[%emt 0:03:18]} 8. Qd3 {[%emt 0:00:10]} Rc8 {[%emt 0:02:28]} 9. O-O {[%emt 0:00:16]} h6 {[%emt 0:00:54]} 10. Nd2 {[%emt 0:05:23]} Be6 {[%emt 0:01:45]} 11. Rd1 {[%emt 0:00:25]} Nf6 {[%emt 0:03:19]} 12. Nf1 {[%emt 0:03:06]} Be7 {[%emt 0:05:30]} 13. Ne3 {[%emt 0:00:46]} O-O {[%emt 0:00:39]} 14. a4 {[%emt 0:00:19]} Qc7 {[%emt 0:04:50]} 15. a5 {[%emt 0:00:29]} Rfd8 {[%emt 0:02:54]} 16. Qe2 {[%emt 0:00:49]} Qd7 {[%emt 0:11:46]} 17. Qf3 {[%emt 0:20:37]} Bg4 {[%emt 0:18:09]} 18. Nxg4 {[%emt 0:00:11]} Qxg4 {[%emt 0:00:05]} 19. Qxg4 {[%emt 0:02:34]} Nxg4 {[%emt 0:00:09]} 20. Nd5 {[%emt 0:00:50]} Kf8 {[%emt 0:00:25]} 21. c3 {[%emt 0:00:19]} Nf6 {[%emt 0:00:21]} 22. Nb6 {[%emt 0:05:03]} Rc6 {[%emt 0:01:09]} 23. f3 {[%emt 0:00:12]} d5 {[%emt 0:00:17]} 24. Nxd5 {[%emt 0:01:03]} Nxd5 {[%emt 0:00:37]} 25. exd5 {[%emt 0:00:08]} Rc5 {[%emt 0:00:12]} 26. Be3 {[%emt 0:01:06]} Rcxd5 {[%emt 0:00:14]} 27. Rxd5 {[%emt 0:00:06]} Rxd5 {[%emt 0:00:06]} 28. Kf2 {[%emt 0:00:04]} f5 29. Ke2 {[%emt 0:00:06]} h5 {[%emt 0:09:55]} 30. b4 {[%emt 0:00:54]} Kf7 {[%emt 0:01:01]} 31. Rb1 {[%emt 0:01:20]} Bd8 {[%emt 0:02:22]} 1/2-1/2

[Event "FRA-chT Top 12 2019"]
[Site "Brest"]
[Date "2019.05.25"]
[Round "8.2"]
[White "Van Wely, Loek"]
[Black "Bacrot, Etienne"]
[Result "1/2-1/2"]
[WhiteElo "2600"]
[BlackElo "2678"]
[Annotator "TA"]
[PlyCount "82"]
[EventDate "2019.05.18"]
[EventType "team-tourn"]
[EventCountry "FRA"]
[SourceTitle "playchess.com"]
[Source "ChessBase"]
[SourceQuality "1"]

{[%evp 19,82,-4,9,0,0,0,0,-9,56,56,39,44,60,58,67,67,79,52,75,58,59,0,39,0,22,0,0,0,0,0,21,21,21,22,18,25,20,18,18,18,18,18,18,16,18,18,20,23,36,14,16,0,0,0,0,-25,0,0,0,0,0,0,6,8,10]} 1. Nf3 ({Predecessor:} 1. c4 e6 2. g3 Nf6 3. Bg2 d5 4. Nf3 d4 5. O-O c5 6. d3 Nc6 7. e3 Be7 8. exd4 cxd4 9. Re1 Nd7 10. Na3 e5 11. Nc2 a5 12. b3 {1-0 (28) Soyunlu,N (1895)-Bivol,A (2142) Prague 2012}) 1... d5 2. g3 Nf6 3. Bg2 e6 4. O-O Be7 5. c4 O-O 6. b3 d4 7. e3 c5 8. exd4 cxd4 9. d3 Nc6 10. Re1 Nd7 11. Na3 $146 {A14: English Opening: 1...e6 with b3 by White} (11. Ba3 Re8 12. Bxe7 Rxe7 13. a3 a5 14. Nbd2 Nc5 15. Ne4 Nxe4 16. Rxe4 e5 17. Re1 Bg4 18. h3 Bh5 {½-½ (36) Aronian,L (2799)-Nakamura,H (2792) Saint Louis 2017}) 11... e5 12. Nc2 a5 13. a3 Rb8 (13... Bf6 $11) 14. b4 $14 axb4 15. axb4 b5 16. c5 Bb7 17. Bd2 h6 18. h4 Re8 19. Na3 Ba8 20. Qb3 (20. Nh2 $14) 20... Bf8 21. Re2 g6 22. Rae1 Bg7 23. Nc2 Re7 24. Bc1 Kh7 25. h5 g5 $1 26. Ncxd4 Nxd4 27. Nxd4 {[%mdl 64] [#] Threatens to win with Bxa8. Pin} Bxg2 28. Kxg2 Nxc5 $1 29. bxc5 Qxd4 30. Rc2 Rd7 31. c6 Qxd3 32. Qxd3+ Rxd3 33. Bd2 Rc8 34. Rb1 {[%mdl 1024] White has compensation.} Rd5 $1 35. g4 e4 36. Be3 Bf8 37. Ra1 Rd6 38. Ra6 {The position is equal.} b4 39. Rb6 b3 40. Rc4 b2 41. Rxb2 {[#] aiming for c7.} Rdxc6 {Accuracy: White = 61%, Black = 58%.} 1/2-1/2

[Event "FRA-chT Top 12 2019"]
[Site "Brest"]
[Date "2019.05.25"]
[Round "8.2"]
[White "Nihal Sarin"]
[Black "Efimov, Igor"]
[Result "1-0"]
[WhiteElo "2598"]
[BlackElo "2439"]
[Annotator "ChessBase"]
[PlyCount "63"]
[EventDate "2019.05.18"]
[EventType "team-tourn"]
[EventCountry "FRA"]
[SourceTitle "playchess.com"]
[Source "ChessBase"]
[SourceQuality "1"]
[TimeControl "40/5400+30:1800+30"]

1. d4 {[%emt 0:00:00]} f5 {[%emt 0:00:54]} 2. c4 {[%emt 0:05:03]} Nf6 {[%emt 0:06:33]} 3. Nc3 {[%emt 0:00:07]} g6 {[%emt 0:00:08]} 4. h4 {[%emt 0:00:38]} Bg7 {[%emt 0:03:47]} 5. h5 {[%emt 0:03:27]} Nxh5 {[%emt 0:11:31]} 6. e4 {[%emt 0:01:03]} Nf6 {[%emt 0:01:22]} 7. e5 {[%emt 0:10:22]} Ng8 {[%emt 0:00:56]} 8. Nf3 {[%emt 0:14:46]} d6 {[%emt 0:03:46]} 9. Bf4 {[%emt 0:03:08]} dxe5 {[%emt 0:13:53]} 10. Bxe5 {[%emt 0:05:00]} Nf6 {[%emt 0:02:53]} 11. Nd5 {[%emt 0:00:54]} Na6 {[%emt 0:00:13]} 12. Nf4 {[%emt 0:01:23]} e6 {[%emt 0:05:05]} 13. c5 {[%emt 0:12:10]} Nb4 {[%emt 0:15:03]} 14. Qa4+ {[%emt 0:15:55]} Nc6 {[%emt 0:00:32]} 15. Bb5 {[%emt 0:05:29]} Bd7 {[%emt 0:07:02]} 16. Ng5 {[%emt 0:00:53]} Nxe5 {[%emt 0:08:06]} 17. Ngxe6 {[%emt 0:12:13]} Bxb5 {[%emt 0:06:18]} 18. Qxb5+ {[%emt 0:00:02]} Qd7 {[%emt 0:00:11]} 19. Nxc7+ {[%emt 0:04:56]} Ke7 {[%emt 0:01:16]} 20. dxe5 {[%emt 0:00:17]} Ne4 {[%emt 0:02:04]} 21. Qxd7+ {[%emt 0:00:51]} Kxd7 22. Nxa8 {[%emt 0:00:16]} Bxe5 {[%emt 0:00:13]} 23. O-O-O+ {[%emt 0:01:00]} Kc8 {[%emt 0:02:11]} 24. Nd3 {[%emt 0:00:28]} Bf6 {[%emt 0:00:19]} 25. f3 {[%emt 0:00:07]} Ng3 {[%emt 0:00:15]} 26. Rhe1 {[%emt 0:00:01]} Kb8 {[%emt 0:00:08]} 27. Re6 {[%emt 0:00:21]} Bh4 {[%emt 0:00:19]} 28. Rde1 {[%emt 0:00:38]} Rd8 {[%emt 0:03:24]} 29. Re8 {[%emt 0:00:10]} Kc8 {[%emt 0:00:09]} 30. Rxd8+ {[%emt 0:00:25]} Bxd8 {[%emt 0:00:03]} 31. Re8 {[%emt 0:00:14]} Kd7 {[%emt 0:00:22]} 32. Rh8 {[%emt 0:00:07]} 1-0

[Event "FRA-chT Top 12 2019"]
[Site "Brest"]
[Date "2019.05.25"]
[Round "8.2"]
[White "Oleksiyenko, Mykhaylo"]
[Black "Miezis, Normunds"]
[Result "1/2-1/2"]
[WhiteElo "2595"]
[BlackElo "2456"]
[Annotator "ChessBase"]
[PlyCount "108"]
[EventDate "2019.05.18"]
[EventType "team-tourn"]
[EventCountry "FRA"]
[SourceTitle "playchess.com"]
[Source "ChessBase"]
[SourceQuality "1"]
[TimeControl "40/5400+30:1800+30"]

1. e4 {[%emt 0:00:00]} c5 {[%emt 0:00:00]} 2. Nf3 {[%emt 0:00:00]} e6 {[%emt 0:00:00]} 3. d4 {[%emt 0:00:00]} cxd4 {[%emt 0:00:10]} 4. Nxd4 {[%emt 0:00:00]} a6 {[%emt 0:00:14]} 5. c4 {[%emt 0:00:08]} Nf6 {[%emt 0:01:50]} 6. Nc3 {[%emt 0:00:10]} Bb4 {[%emt 0:00:29]} 7. Qd3 {[%emt 0:00:18]} O-O {[%emt 0:02:44]} 8. e5 {[%emt 0:01:15]} Ne8 {[%emt 0:01:00]} 9. Bf4 {[%emt 0:00:25]} d6 {[%emt 0:01:21]} 10. exd6 {[%emt 0:00:12]} Bxd6 {[%emt 0:01:40]} 11. Bxd6 {[%emt 0:00:07]} Qxd6 {[%emt 0:02:47]} 12. O-O-O {[%emt 0:00:25]} Nd7 {[%emt 0:10:37]} 13. Nc2 {[%emt 0:05:29]} Qxd3 {[%emt 0:06:36]} 14. Bxd3 {[%emt 0:00:40]} Nc5 {[%emt 0:08:45]} 15. Be2 {[%emt 0:01:49]} a5 {[%emt 0:00:37]} 16. f4 {[%emt 0:11:02]} Bd7 {[%emt 0:07:58]} 17. Ne4 {[%emt 0:05:22]} Nxe4 {[%emt 0:01:27]} 18. Rxd7 {[%emt 0:00:03]} Nc5 {[%emt 0:00:23]} 19. Rd4 {[%emt 0:00:28]} Nf6 {[%emt 0:01:43]} 20. Rhd1 {[%emt 0:00:30]} Nfe4 {[%emt 0:08:46]} 21. Bf3 {[%emt 0:06:46]} f5 {[%emt 0:00:31]} 22. Ne3 {[%emt 0:16:03]} g5 {[%emt 0:11:02]} 23. Bxe4 {[%emt 0:09:43]} Nxe4 {[%emt 0:00:19]} 24. fxg5 {[%emt 0:00:30]} Nxg5 {[%emt 0:02:08]} 25. Rd7 {[%emt 0:01:01]} Rab8 {[%emt 0:01:30]} 26. Rc7 {[%emt 0:09:39]} Rf7 {[%emt 0:00:52]} 27. Rdd7 {[%emt 0:00:50]} Rxd7 {[%emt 0:08:59]} 28. Rxd7 {[%emt 0:00:03]} h5 {[%emt 0:00:35]} 29. Kc2 {[%emt 0:05:32]} Ne4 {[%emt 0:04:13]} 30. Re7 {[%emt 0:11:48]} Nc5 {[%emt 0:00:38]} 31. b3 {[%emt 0:02:46]} Rd8 {[%emt 0:04:04]} 32. a3 {[%emt 0:02:08]} f4 {[%emt 0:07:36]} 33. Nf1 {[%emt 0:04:18]} Rd4 {[%emt 0:01:21]} 34. Nd2 {[%emt 0:00:53]} b6 {[%emt 0:01:04]} 35. b4 {[%emt 0:01:53]} axb4 {[%emt 0:00:08]} 36. axb4 {[%emt 0:00:01]} Kf8 {[%emt 0:00:45]} 37. Rh7 {[%emt 0:04:25]} Ne4 {[%emt 0:00:20]} 38. Nxe4 {[%emt 0:00:11]} Rxe4 {[%emt 0:00:02]} 39. Kd3 {[%emt 0:00:23]} Re3+ {[%emt 0:01:56]} 40. Kd4 {[%emt 0:02:05]} Re2 {[%emt 0:00:14]} 41. Rxh5 {[%emt 0:07:28]} Rxg2 {[%emt 0:03:13]} 42. Rh4 {[%emt 0:03:20]} Ke7 {[%emt 0:01:30]} 43. Rxf4 {[%emt 0:00:05]} Rxh2 {[%emt 0:00:26]} 44. c5 {[%emt 0:00:12]} Rh5 {[%emt 0:00:29]} 45. Kc4 {[%emt 0:00:38]} bxc5 {[%emt 0:00:09]} 46. bxc5 {[%emt 0:00:03]} Rh1 {[%emt 0:03:49]} 47. Kb5 {[%emt 0:00:13]} Rb1+ {[%emt 0:01:08]} 48. Kc6 {[%emt 0:00:04]} e5 {[%emt 0:00:10]} 49. Rh4 {[%emt 0:00:33]} Ke6 {[%emt 0:00:24]} 50. Rh6+ {[%emt 0:02:22]} Kf5 {[%emt 0:00:29]} 51. Kd7 {[%emt 0:00:04]} e4 {[%emt 0:01:52]} 52. c6 {[%emt 0:00:01]} e3 {[%emt 0:00:59]} 53. c7 {[%emt 0:00:55]} Rb7 {[%emt 0:00:13]} 54. Rh1 {[%emt 0:00:26]} Ke5 1/2-1/2

[Event "FRA-chT Top 12 2019"]
[Site "Brest"]
[Date "2019.05.25"]
[Round "8.2"]
[White "Brochet, Philippe"]
[Black "Fedorchuk, Sergey A."]
[Result "0-1"]
[WhiteElo "2400"]
[BlackElo "2620"]
[Annotator "ChessBase"]
[PlyCount "56"]
[EventDate "2019.05.18"]
[EventType "team-tourn"]
[EventCountry "FRA"]
[SourceTitle "playchess.com"]
[Source "ChessBase"]
[SourceQuality "1"]
[TimeControl "40/5400+30:1800+30"]

1. e4 {[%emt 0:05:02]} c5 {[%emt 0:00:08]} 2. Nc3 {[%emt 0:00:04]} e6 {[%emt 0:01:36]} 3. Nf3 {[%emt 0:02:38]} Nc6 {[%emt 0:02:24]} 4. Bb5 {[%emt 0:00:24]} Na5 {[%emt 0:09:02]} 5. O-O {[%emt 0:08:30]} a6 {[%emt 0:03:40]} 6. Be2 {[%emt 0:00:15]} Qc7 {[%emt 0:00:11]} 7. b3 {[%emt 0:05:59]} b5 {[%emt 0:03:59]} 8. Bb2 {[%emt 0:01:39]} Bb7 {[%emt 0:02:58]} 9. d4 {[%emt 0:12:26]} Nf6 {[%emt 0:20:23]} 10. e5 {[%emt 0:08:54]} Nd5 {[%emt 0:00:55]} 11. a3 {[%emt 0:13:41]} Nf4 {[%emt 0:07:48]} 12. Qd2 {[%emt 0:07:40]} cxd4 {[%emt 0:12:29]} 13. Qxf4 {[%emt 0:08:45]} dxc3 {[%emt 0:00:38]} 14. Ng5 {[%emt 0:00:32]} f5 {[%emt 0:07:59]} 15. Bc1 {[%emt 0:00:38]} Nc6 {[%emt 0:00:34]} 16. Re1 {[%emt 0:07:13]} g6 {[%emt 0:02:43]} 17. Qg3 {[%emt 0:00:02]} Bg7 {[%emt 0:01:10]} 18. f4 {[%emt 0:01:28]} Ne7 {[%emt 0:05:44]} 19. Be3 {[%emt 0:01:51]} Be4 {[%emt 0:11:56]} 20. b4 {[%emt 0:02:20]} Nd5 {[%emt 0:01:38]} 21. Nxe4 {[%emt 0:03:12]} fxe4 {[%emt 0:00:10]} 22. Rad1 {[%emt 0:00:26]} O-O {[%emt 0:00:36]} 23. h4 {[%emt 0:02:49]} Bh6 {[%emt 0:01:05]} 24. Rf1 {[%emt 0:00:26]} Nxe3 {[%emt 0:01:22]} 25. Qxe3 {[%emt 0:00:05]} Qxe5 {[%emt 0:00:10]} 26. Rxd7 {[%emt 0:02:33]} Bxf4 {[%emt 0:00:31]} 27. Qd4 {[%emt 0:00:50]} Qxd4+ {[%emt 0:00:06]} 28. Rxd4 {[%emt 0:00:03]} Be3+ {[%emt 0:00:02]} 0-1

[Event "FRA-chT Top 12 2019"]
[Site "Brest"]
[Date "2019.05.25"]
[Round "8.3"]
[White "Ragger, Markus"]
[Black "Van Foreest, Jorden"]
[Result "1/2-1/2"]
[WhiteElo "2682"]
[BlackElo "2601"]
[Annotator "TA"]
[PlyCount "50"]
[EventDate "2019.05.18"]
[EventType "team-tourn"]
[EventCountry "FRA"]
[SourceTitle "playchess.com"]
[Source "ChessBase"]
[SourceQuality "1"]

{[%evp 10,50,20,28,20,14,33,18,30,27,31,23,32,37,48,43,59,50,62,57,58,59,35,35,83,34,120,35,22,23,60,-57,-54,-104,0,0,0,0,0,0,0,0,0]} 1. e4 e5 2. Nf3 Nc6 3. Bc4 Bc5 4. c3 Nf6 5. d3 d6 6. O-O a5 {C54: Giuoco Piano: 4 c3 Nf6, main lines with 5 d4 and 5 d3} 7. Re1 O-O 8. Bg5 h6 9. Bh4 g5 10. Bg3 Nh7 11. d4 Bb6 12. dxe5 h5 13. h4 $1 {[%cal Re5d6]} Bg4 {[#]} 14. hxg5 $146 ({Predecessor:} 14. Nbd2 Nxe5 15. Be2 Nxf3+ 16. Nxf3 {½-½ (24) Karjakin,S (2753)-Ding,L (2812) Shamkir 2019}) 14... Nxg5 {[#] aiming for ...h4!} 15. exd6 h4 16. Bh2 Qf6 {[%cal Rg5f3]} 17. Nbd2 Qg7 (17... cxd6 $14 18. Qb3 Bc5) 18. Kf1 (18. dxc7 $16 Nxf3+ 19. Nxf3) 18... h3 $14 19. gxh3 Nxh3 20. Bg3 ({White has to play} 20. dxc7 $14 Ng5 21. Bf4) 20... Qh6 $1 $15 21. Ke2 {[#]} Bxf2 ({Much weaker is} 21... cxd6 $6 22. Rh1 $11) (21... Kg7 $1 $17 22. dxc7 Bxf2 23. Bxf2 Nf4+ 24. Ke3 Nh3+ 25. Ke2 Nf4+ 26. Ke3 Nh3+ 27. Ke2) 22. Bxf2 $11 {Rg1! is the strong threat.The position is equal.} Nf4+ 23. Ke3 {Hoping for Bg3.} Nh3+ 24. Ke2 {Black must now prevent Rg1!} Nf4+ 25. Ke3 {And now Bg3 would win.} Nh3+ {Accuracy: White = 49%, Black = 57%.} 1/2-1/2